LEADER 03447oam 2200589Ma 450 001 9910787844703321 005 20200324081319.0 010 $a0-429-16871-3 010 $a1-4665-9482-9 035 $a(CKB)2670000000557335 035 $a(EBL)1655528 035 $a(SSID)ssj0001333025 035 $a(PQKBManifestationID)11723730 035 $a(PQKBTitleCode)TC0001333025 035 $a(PQKBWorkID)11385580 035 $a(PQKB)11150287 035 $a(OCoLC)891387109 035 $a(MiAaPQ)EBC1655528 035 $a(OCoLC)903000273 035 $a(OCoLC-P)903000273 035 $a(FlBoTFG)9780429168710 035 $a(EXLCZ)992670000000557335 100 $a20150209d2014 uy 0 101 0 $aeng 135 $aur|n||||||||| 181 $ctxt 182 $cc 183 $acr 200 10$aHeterogeneous Catalysis 210 $cCRC Press$d2014 215 $a1 online resource (348 p.) 300 $aDescription based upon print version of record. 311 $a1-322-63286-3 311 $a1-4665-9483-7 320 $aIncludes bibliographical references at the end of each chapters. 327 $aFront Cover; Contents; Preface; Editors; Contributors; Chapter 1: Synthesis of Bioactive Heterocyclic Systems Promoted by Silica-Supported Catalysts; Chapter 2: Eco-Benign Synthesis of Indole Derivatives Employing Diverse Heterogeneous Catalysts; Chapter 3: Solid Heterogeneous Catalysts Based on Sulfuric Acid and Transition-Metal Salts : Synthesis of Bioactive Heterocycles; Chapter 4: Heterogeneous Copper-Catalyzed Synthesis of Bioactive Heterocycles; Chapter 5: Silica Sulfuric Acid : A Simple and Powerful Heterogeneous Catalyst in Organic Synthesis 327 $aChapter 6: Application of Silica-Based Heterogeneous Catalysis for the Synthesis of Bioactive HeterocyclesChapter 7: Application of Organometallic Compounds as Heterogeneous Catalysts in Organic Synthesis; Chapter 8: Ultrasound : An Efficient Tool for the Synthesis of Bioactive Heterocycles; Chapter 9: Nano-Zinc Oxide : An Efficient Heterogeneous Catalyst for the Synthesis of Heterocyclic Compounds; Chapter 10: Application of Heterogeneous Catalysts for the Synthesis of Bioactive Coumarins; Chapter 11: Silver : A Versatile Heterogeneous Catalyst for Heterocyclic Synthesis 327 $aChapter 12: Mesoporous Materials from Novel Silica Source as Heterogeneous CatalystBack Cover 330 $aFor more than a century, bioactive heterocycles have formed one of the largest areas of research in organic chemistry. They are important from a biological and industrial point of view as well as to the understanding of life processes and efforts to improve the quality of life. Heterogeneous Catalysis: A Versatile Tool for the Synthesis of Bioactive Heterocycles highlights the recent methodologies used in the synthesis of such bioactive systems and focuses on the role of heterogeneous catalysis in the design and synthesis of various biologically active heterocyclic compounds of pharmacological 606 $aHeterogeneous catalysis 606 $aHeterocyclic compounds$xSynthesis 615 0$aHeterogeneous catalysis. 615 0$aHeterocyclic compounds$xSynthesis. 676 $a547.215 676 $a547/.215 700 $aAmeta$b Ph. D., K. L$01549144 801 0$bOCoLC-P 801 1$bOCoLC-P 906 $aBOOK 912 $a9910787844703321 996 $aHeterogeneous Catalysis$93806841 997 $aUNINA LEADER 05150nam 22006255 450 001 9910135973003321 005 20250113165751.0 010 $a9783319473048 024 7 $a10.1007/978-3-319-47304-8 035 $a(CKB)3710000000911474 035 $a(DE-He213)978-3-319-47304-8 035 $a(MiAaPQ)EBC4722689 035 $a(EXLCZ)993710000000911474 100 $a20161021d2017 u| 0 101 0 $aeng 135 $aurnn#008mamaa 181 $ctxt$2rdacontent 182 $cc$2rdamedia 183 $acr$2rdacarrier 200 10$aMinimalist Syntax for Quantifier Raising, Topicalization and Focus Movement: A Search and Float Approach for Internal Merge /$fby Jun Abe 205 $a1st ed. 2017. 210 1$aCham :$cSpringer International Publishing :$cImprint: Springer,$d2017. 215 $a1 online resource (VIII, 240 p.) 225 1 $aStudies in Natural Language and Linguistic Theory,$x0924-4670 ;$v93 311 08$a9783319473031 311 08$a3319473034 311 08$a9783319473048 311 08$a3319473042 320 $aIncludes bibliographical references at the end of each chapters and index. 327 $a1 Introduction -- 2 Mechanism of Search and Float for Internal Merge -- 2.1 Minimal Search -- 2.2 Float -- 3 Search and Float for Covert Movement -- 3.1 Minimal Search and Float for Quantifier Raising -- 3.2 Covert Wh-Movement -- 3.3 Covert Oblique Movement of Wh-Phrases -- 4 Case Study I: Plurals and Reciprocals -- 4.1 The Cumulative Reading and Clause-Boundedness -- 4.2 The Cumulative Reading and Rigidity -- 4.3 Reciprocals -- 4.4 Sternefeld?s (1993) Problem and Further Evidence for QR -- 4.5 Clause-Boundedness and Condition A -- 5 Case Study II: Multiple Wh-Questions in Japanese -- 5.1 Absorption in Japanese Multiple Wh-Questions -- 5.2 The Scope of Multiple Wh-Phrases that Undergo Absorption -- 5.3 What is the Trigger of a Wh-Argument Being Merged with Another -- 5.3.1 Cumulative Readings in Multiple Wh-Questions -- 5.3.2 Pair-List Readings of Multiple Wh-Questions -- 5.4 Intervention Effects and MCL -- 5.5 Pair-List Readings of Plural Dono N-Phrases -- 5.6 Apparent Pair-List Readings -- 6 Search and Float for Topicalization and Focalization -- 6.1 Licensing [S-Focus] Features -- 6.2 Minimal Search and MCL for Licensing [S-Focus] Features -- 6.3 Wh-Movement for Licensing [S-Focus] Features -- 6.4 Licensing [S-Focus] Features in Ellipsis -- Appendix Focus Movement and QR -- 7 Conclusions -- Index. 330 $aThis volume examines how the displacement property of language is characterized in formal terms under the Minimalist Program and to what extent this proposed characterization of it can explain relevant displacement properties. The birth of the Principles and Parameters Approach makes it possible to simplify transformational rules so radically as to be reduced to the single rule Move. The author proposes that Move, as conceived as a special case of Merge, named internal Merge, under the Minimalist Program requires two prerequisite operations: one is to ?dig? into a structure to find a target of Merge, called Search, and the other is to make this target reach the top of the structure, called Float. The author argues that these two different operations are constrained by ?minimal computation.? Due to the nature of how they apply, these operations are constrained by this economy condition in such a way that Search must be minimal and Float obeys Minimize chain links, which requires that this operation cannot skip possible landing sites. The author demonstrates that this mechanism of minimal Search and Float deals with a variety of phenomena that involve quantifier raising, such as rigidity effects of scope interaction, the availability of cumulative readings of plural relation sentences and pair-list readings of multiple wh-questions. Also demonstrated in this volume is that the same mechanism properly captures the locality effects of topicalization, focus movement, and ellipsis with contrastive focus. 410 0$aStudies in Natural Language and Linguistic Theory,$x0924-4670 ;$v93 606 $aSyntax 606 $aJapanese language 606 $aLanguage and languages 606 $aLanguage and languages 606 $aSyntax$3https://scigraph.springernature.com/ontologies/product-market-codes/N45000 606 $aJapanese$3https://scigraph.springernature.com/ontologies/product-market-codes/N28000 606 $aAsian Languages$3https://scigraph.springernature.com/ontologies/product-market-codes/N15000 615 0$aSyntax. 615 0$aJapanese language. 615 0$aLanguage and languages. 615 0$aLanguage and languages. 615 14$aSyntax. 615 24$aJapanese. 615 24$aAsian Languages. 676 $a415 700 $aAbe$b Jun$4aut$4http://id.loc.gov/vocabulary/relators/aut$0855952 801 0$bMiAaPQ 801 1$bMiAaPQ 801 2$bMiAaPQ 906 $aBOOK 912 $a9910135973003321 996 $aMinimalist Syntax for Quantifier Raising, Topicalization and Focus Movement: A Search and Float Approach for Internal Merge$92547400 997 $aUNINA